Words that name things / (Record no. 14253)

MARC details
000 -LEADER
fixed length control field 01511nam a22002897a 4500
005 - DATE AND TIME OF LATEST TRANSACTION
control field 20080710112735.0
008 - FIXED-LENGTH DATA ELEMENTS--GENERAL INFORMATION
fixed length control field 080611t xxu||||| |||| 00| 0 eng d
010 ## - LCCN (DPL NO)
LC control number B-269939-942
020 ## - INTERNATIONAL STANDARD BOOK NUMBER
Terms of availability 6875.00 (a set of 4 vols.)
035 ## - SYSTEM CONTROL NUMBER
System control number B-269939-942
037 ## - SOURCE OF ACQUISITION
Source of stock number/acquisition Grolier International/7.5.08/12/8.4.08/5.6.08/6250.00 (set of 4 vol.)
040 ## - CATALOGING SOURCE
Original cataloging agency DPL
Language of cataloging EN
082 ## - DEWEY DECIMAL CLASSIFICATION NUMBER
Classification number 483
100 ## - MAIN ENTRY--PERSONAL NAME
Personal name Disney, Walt
245 ## - TITLE STATEMENT
Title Words that name things /
Statement of responsibility, etc by Walt Disney
260 ## - PUBLICATION, DISTRIBUTION, ETC. (IMPRINT)
Name of publisher, distributor, etc Grolier Enterprises
Date of publication, distribution, etc 2007
Place of publication, distribution, etc Danbury
270 ## - ADDRESS
Address Danbury, Connecticut
300 ## - PHYSICAL DESCRIPTION
Extent 159p.:
Dimensions 26 cm (Hb)
Other physical details col. ill.
700 ## - ADDED ENTRY--PERSONAL NAME
Personal name
942 ## - ADDED ENTRY ELEMENTS (KOHA)
Item type Children Books
Classification part 483
Source of classification or shelving scheme Dewey Decimal Classification
Call number suffix DIS
Holdings
Withdrawn status Lost status Damaged status Not for loan Collection code Home library Current library Date acquired Cost, normal purchase price Total Checkouts Full call number Barcode Date last seen Copy number Cost, replacement price Koha item type Source of classification or shelving scheme Source of acquisition
        Reference Central Library Central Library 10/07/2008 6875.00 3 483 / DIS B-269939 03/07/2023 1 6875.00 Children Books    
        Reference Karol Bagh Karol Bagh 07/07/2008 6875.00   483 / DIS B-269942 15/09/2008 1 6875.00 Children Books    
        Reference Karol Bagh Karol Bagh 10/07/2008 6875.00   483 / DIS B-269940 15/09/2008 1 6875.00 Children Books    
        Reference Sarojini Nagar Sarojini Nagar 10/07/2008 6875.00   483 / DIS B-269941 15/09/2008 1 6875.00 Children Books    
      Not For Loan Reference Vinoba Puri Vinoba Puri 26/09/2008 6875.00   483 DIS B-285181 26/09/2008 1 6875.00 Children Books Dewey Decimal Classification Grolier/G-07-0231/23.7.08/199/21.7.08/11.9.08

© Delhi Public Library
Hit Counter
free hit counter